Science Quiz

Random Science or Numbers Quiz

Over/Under: Science Quiz Stats

Quiz Updated Jan 13, 2015

Challenge
Share
Tweet
Embed
Score 0/24 Timer 03:00
2 Plays Today
Question and Number Actual is Over or Under % Correct
Atomic number of Hydrogen: 7???
85.9%
Known chemical elements: 103???
82.9%
Celsius boiling point of water: 212°???
82.5%
Ounces in a pound (US): 24???
80.7%
Basic Trigonometric functions: 9???
78.9%
Age of oldest confirmed human ever: 114???
77.7%
% volume of air that is oxygen: 36.7%???
77.7%
Prime numbers lower than 20: 9???
77.3%
Human chromosome pairs: 46???
76.6%
# of the final Apollo mission: 13???
76%
Simple machines: 8???
73.8%
Permanent human teeth: 24???
73.4%
Question and Number Actual is Over or Under % Correct
Bones in the adult human skeleton: 148???
73%
Stars in the Big Dipper: 11???
70.3%
Mean radius of the Earth: 2,822 miles???
69.5%
Avg. distance from Earth to Moon: 114,000 mi.???
66.5%
Natural (proteinogenic) amino acids: 35???
65.4%
Time, in months, of elephant gestation: 18???
59.8%
% of Earth's surface that is water: 78%???
59%
Pints in a gallon (US): 6???
56%
Speed of sound (in 20° C dry air): 2,000 km/h???
53.5%
Transition metals: 22???
52.7%
Min. wind speed for EF5 tornado: 195 MPH???
51.9%
U.S. Patents held by Thomas Edison: 506???
51.9%

You're not logged in!

Compare scores with friends on all Sporcle quizzes.
Join for Free
OR
Log In

You Might Also Like...

Show Comments

Extras

Top Quizzes Today


Score Distribution

Your Account Isn't Verified!

In order to create a playlist on Sporcle, you need to verify the email address you used during registration. Go to your Sporcle Settings to finish the process.

Report this User

Report this user for behavior that violates our Community Guidelines.

Details: